| 000 | 00690nam a2200277Ia 4500 | ||
|---|---|---|---|
| 008 | 220204s9999 xx 000 0 und d | ||
| 082 |
_a577.1:581.175.11 _bGOO.1;1 |
||
| 245 | 0 | _aChemistry and biochemistry of plant pigments. V 1 | |
| 250 | _aEd.2 | ||
| 260 |
_aNew York _bAcademic _c1976 |
||
| 650 | _aBetalain | ||
| 650 | _aBiliprotein | ||
| 650 | _aBiosynthesis | ||
| 650 | _aCarotenoid | ||
| 650 | _aChlorophyll | ||
| 650 | _aFlavonoid | ||
| 650 | _aMetabolism | ||
| 650 | _aPhotosynthesis | ||
| 650 | _aPhycobilims | ||
| 650 | _aPhytochrome | ||
| 650 | _aPlant pigment | ||
| 650 | _aQuinone | ||
| 650 | _aSenescent tissue | ||
| 700 | _aGOODWIN, T W | ||
| 942 | _cBK | ||
| 999 |
_c27960 _d27960 |
||